|
|
|
|
| LEADER |
01063nam a2200325 4500 |
| 001 |
DLU090091948 |
| 005 |
##20091201 |
| 040 |
# |
# |
|a DLU
|b eng
|
| 041 |
# |
# |
|a eng
|
| 044 |
# |
# |
|a us
|
| 100 |
# |
# |
|a Roy, Sylvie O.
|
| 245 |
# |
# |
|a NADP-isocitrate dehydrogenase from pseudomonas nautica : Kinetic constant determination and carbon limitation effects on the pool of intracellular substrates /
|c Sylvie O. Roy, Ted T. Packard.
|
| 653 |
# |
# |
|a Intracellular
|
| 653 |
# |
# |
|a Isocitrate dehydrogenase
|
| 653 |
# |
# |
|a Kinetic parameters
|
| 653 |
# |
# |
|a Marine environment
|
| 653 |
# |
# |
|a Metabolism
|
| 653 |
# |
# |
|a Microorganism culture
|
| 653 |
# |
# |
|a Pyruvate
|
| 700 |
# |
# |
|a Packard. Ted T.
|
| 773 |
# |
# |
|t Applied and Environmental Microbiology
|g Vol. 64, no. 12 (December 1998), p. 4958-4964
|
| 920 |
# |
# |
|a Phòng Tạp chí -- Trung tâm Thông tin - Thư viện Trường Đại học Đà Lạt
|
| 994 |
# |
# |
|a DLU
|
| 900 |
# |
# |
|a True
|
| 911 |
# |
# |
|a Trương Bảo Trâm Anh
|
| 925 |
# |
# |
|a G
|
| 926 |
# |
# |
|a A
|
| 927 |
# |
# |
|a BB
|
| 980 |
# |
# |
|a Thư viện Trường Đại học Đà Lạt
|